New African yearbook 1999/2000. (Record no. 100953)
[ view plain ]
| 000 -LEADER | |
|---|---|
| fixed length control field | 01062cas a2200289 a 4500 |
| 008 - FIXED-LENGTH DATA ELEMENTS--GENERAL INFORMATION | |
| fixed length control field | |
| 022 ## - INTERNATIONAL STANDARD SERIAL NUMBER | |
| International Standard Serial Number | 0905268636 (pbk.) |
| 049 0# - LOCAL HOLDINGS (OCLC) | |
| Holding library | MAIN |
| 050 00 - LIBRARY OF CONGRESS CALL NUMBER | |
| Classification number | REF DT1 NEW |
| 003 - CONTROL NUMBER IDENTIFIER | |
| control field | |
| 005 - DATE AND TIME OF LATEST TRANSACTION | |
| control field | 20230120191427.0 |
| 040 ## - CATALOGING SOURCE | |
| Transcribing agency | NUST |
| 245 00 - TITLE STATEMENT | |
| Title | New African yearbook 1999/2000. |
| 260 ## - PUBLICATION, DISTRIBUTION, ETC. | |
| Place of publication, distribution, etc. | London : |
| Name of publisher, distributor, etc. | I.C. Magazines ; |
| Place of publication, distribution, etc. | New York, NY : |
| Name of publisher, distributor, etc. | Distributed in North America by Frnklin Watts Inc., |
| Date of publication, distribution, etc. | [1978]-c1999/2000. |
| 300 ## - PHYSICAL DESCRIPTION | |
| Extent | 4 v. : |
| Other physical details | ill., maps ; |
| Dimensions | 27-28 cm. |
| 310 ## - CURRENT PUBLICATION FREQUENCY | |
| Current publication frequency | Annual |
| 362 0# - DATES OF PUBLICATION AND/OR SEQUENTIAL DESIGNATION | |
| Dates of publication and/or sequential designation | 12th ed. (1999/2000). |
| 500 ## - GENERAL NOTE | |
| General note | "Africa's politics, economics, history statistics, organisation, population, essential dates, facts and figures." |
| 500 ## - GENERAL NOTE | |
| General note | Editor: Alan Rake. |
| 580 ## - LINKING ENTRY COMPLEXITY NOTE | |
| Linking entry complexity note | Split into: New African yearbook. West & Central Africa, and: New African yearbook. East, Southern Africa & Nigeria. |
| 651 #0 - SUBJECT ADDED ENTRY--GEOGRAPHIC NAME | |
| Geographic name | Africa |
| Form subdivision | Periodicals. |
| 650 #2 - SUBJECT ADDED ENTRY--TOPICAL TERM | |
| Topical term or geographic name entry element | Statistics |
| Geographic subdivision | Africa |
| Form subdivision | Periodicals. |
| 700 1# - ADDED ENTRY--PERSONAL NAME | |
| Personal name | Rake, Alan. |
| 780 00 - PRECEDING ENTRY | |
| Title | African yearbook |
| 907 ## - LOCAL DATA ELEMENT G, LDG (RLIN) | |
| a | .b1022905x |
| b | 05-02-07 |
| c | 05-02-07 |
| 942 ## - ADDED ENTRY ELEMENTS (KOHA) | |
| Koha item type | Ordinary Loan Books |
| Date last seen | Total Checkouts | Full call number | Barcode | Cost, replacement price | Price effective from | Koha item type | Lost status | Source of classification or shelving scheme | Damaged status | Not for loan | Collection | Withdrawn status | Home library | Current library | Shelving location | Date acquired | Cost, normal purchase price |
|---|---|---|---|---|---|---|---|---|---|---|---|---|---|---|---|---|---|
| 01/20/2023 | REF DT1 NEW | 92003021812 | 80.00 | 01/20/2023 | REF | LCC | NFIC | MAIN | MAIN | GEN | 01/20/2023 | 80.00 |